| 000 | 01383cam a2200349 a 4500 | ||
|---|---|---|---|
| 020 | _a9780821364789 (World Bank pbk.) | ||
| 020 | _a0821364782 (World Bank pbk.) | ||
| 020 | _a9780821377840 (electronic) | ||
| 020 | _a0821377841 (electronic) | ||
| 020 | _a9780821377857 (World Bank hardback) | ||
| 020 | _a082137785X (World Bank hardback) | ||
| 020 | _a9780804762809 (Stanford University Press hardback) | ||
| 020 | _a0804762805 (Stanford University Press hardback) | ||
| 020 | _a9780804762816 | ||
| 020 | _a0804762813 | ||
| 040 | _cDLC | ||
| 082 | 0 | 0 | _a338 WOR 2009 A015 Or. |
| 100 | 1 | _aGregory, Neil F. | |
| 245 | 1 | 0 |
_aNew industries from new places : _bthe emergence of the software and hardware industries in China and India / |
| 260 |
_aStanford, Calif. : _bStanford Economics and Finance/Stanford University Press ; _aWashington, D.C. : _bWorld Bank _cc2009. |
||
| 300 |
_axvii, 255 p. : _bill. ; _c23 cm. |
||
| 650 | 0 | _aComputer software industry | |
| 650 | 0 | _aComputer software industry | |
| 650 | 0 | _aComputer industry | |
| 650 | 0 | _aComputer industry | |
| 700 | 1 | _aNollen, Stanley D. | |
| 700 | 1 | _aTenev, Stoyan, | |
| 856 | 4 | 2 | _uhttp://www.loc.gov/catdir/enhancements/fy0913/2008051221-b.html |
| 856 | 4 | 2 | _uhttp://www.loc.gov/catdir/enhancements/fy0913/2008051221-d.html |
| 856 | 4 | 2 | _uhttp://www.h-net.org/reviews/showrev.php?id=29377 |
| 942 | _cEK | ||
| 999 |
_c11589 _d11589 |
||